| 000 | nam a22 7a 4500 | ||
|---|---|---|---|
| 999 |
_c15300 _d15300 |
||
| 008 | 161028b xxu||||| |||| 00| 0 eng d | ||
| 020 | _a1570350396 | ||
| 020 | _a 9781570350399 | ||
| 050 | _aLC 4801.8 .F57 1995 | ||
| 100 | _aFister, Susan L. | ||
| 245 |
_aTGIF : _bbut what will I do on Monday?/ _cSusan L Fister and Karen A. Kemp. |
||
| 260 |
_aSopris West : _bLongmont, Co., _c ©1995. |
||
| 300 |
_a178p. : _bill. ; _c28cm. |
||
| 500 | _aInclude bibliography. | ||
| 650 |
_a Problem children _xEducation. |
||
| 650 |
_aEffective teaching _xHandbooks, manuals, etc. |
||
| 650 | _aEffective teachers. | ||
| 700 | _aKemp, Karen A. | ||
| 942 |
_2lcc _cBOOKS _hLC 4801.8 .F57 1995 |
||